| 000 | 00456nam a2200169Ia 4500 | ||
|---|---|---|---|
| 005 | 20250326130455.0 | ||
| 008 | 250326s9999 xx 000 0 und d | ||
| 037 | _aTextbook | ||
| 040 |
_aFMSL _beng _cFMSL |
||
| 041 |
_aeng _2eng |
||
| 084 |
_aX;8 Q0 _qFMSL |
||
| 100 |
_aDenton S _9740662 |
||
| 245 | 0 |
_aApractical guide to university and college management _cDenton S |
|
| 260 | _c2010 | ||
| 942 |
_cTB _hX;8 Q0 |
||
| 999 |
_c1282655 _d1282655 |
||